00845nas a2200277 4500001001300000003000900013005001700022007000300039008003400042040005400076041000900130072001300139100001300152100001300165100001100178100001300189100001300202100001100215100001300226245014800239650001000387650002000397650000900417650002400426773011700450BR2017002155BR-BrBNA20231205131041.0ta230509b bl.|||p| |||| 00| 00por d aBR-BrBNAbporcBiblioteca Nacional de Agricultura a(En) aL02; L101 aMa, Y.F.1 aChen, L.1 aHe, J.1 aTian, Y.1 aXu, X.Q.1 aDu, X.1 aLu, L.Z.1 aGene expression patterns of geese expression patterns of L-Fabp, Spot 14, Ob and Apo A1 genes in different tissues of overfed and control geese aGANSO aGENETICA ANIMAL aPESO aNUTRIÇÃO ANIMAL0 tBrazilian Journal of Poultry Science (Brazil)xISSN 1516-635Xg(Apr-Jun 2017), v. 19(2) p. 305-308wBR2017002155